| 000 | 01242nam0a22002891 4500 | ||
|---|---|---|---|
| 001 | rc\171105 | ||
| 005 | 20050513150146.5 | ||
| 035 | _a(NLR Aleph) 008740194 | ||
| 090 |
_a9528456 _c9528456 |
||
| 100 | _a20030307d1991 u |0rusy50 ca | ||
| 101 | 0 | _arus | |
| 102 | _aRU | ||
| 105 | _ay ||||||||| | ||
| 200 | 1 |
_aОРИЕНТАЦИЯ школьников на социально значимые ценности _eСпецкурс _fМ-во образования РСФСР. Рос. гос. пед. ун-т им. А.И. Герцена _g[Сост. к. п. н., доц А.В. Кирьякова] |
|
| 210 |
_aЛ. _cРГПУ _d1991 |
||
| 215 |
_a22 с. _d20 |
||
| 225 | 1 | _aПрограммы для педагогических институтов | |
| 320 | _aБиблиогр. в тексте | ||
| 606 | 1 |
_aНравственное воспитание в школе _2nlr_sh1 |
|
| 702 | 1 |
_aКирьякова _bА. В. _gАида Васильевна _4220 |
|
| 712 | 0 | 2 |
_aРоссийский пед. ун-т им. А.И.Герцена _cПетербург _3RU\NLR\AUTH\889929136 |
| 801 | 0 |
_aRU _bNLR _gpsbo |
|
| 801 | 1 |
_aRU _bELAR _2rusmarc |
|
| 801 | 2 |
_aRU _bNLR _c20050513 _2rusmarc |
|
| 852 |
_aNLR _j91-4/11001 |
||
| 942 | _cBOOK | ||
| 980 | _aNB | ||